LIBRARY & INFORMATION CENTRE, KCAET, TAVANUR

ONLINE PUBLIC ACCESS CATALOGUE (OPAC)

Design of steel structures: By limit state method as per IS:800-2007 (Record no. 14079)

MARC details
000 -LEADER
fixed length control field 00376nam a22001337a 4500
020 ## - INTERNATIONAL STANDARD BOOK NUMBER
ISBN 9789382332091
082 ## - DEWEY DECIMAL CLASSIFICATION NUMBER
Classification number 624.1821
Item number BHA/DE
100 ## - MAIN ENTRY--AUTHOR NAME
Personal name Bhavikatti, S.S
245 ## - TITLE STATEMENT
Title Design of steel structures: By limit state method as per IS:800-2007
250 ## - EDITION STATEMENT
Edition statement 3rd
260 ## - PUBLICATION, DISTRIBUTION, ETC. (IMPRINT)
Place of publication New Delhi
Name of publisher I.K International Publishing House Pvt. Ltd.
Year of publication 2012
300 ## - PHYSICAL DESCRIPTION
Number of Pages 406
942 ## - ADDED ENTRY ELEMENTS (KOHA)
Koha item type Books
Holdings
Withdrawn status Lost status Damaged status Collection code Home library Current library Shelving location Date acquired Source of acquisition Cost, normal purchase price Full call number Accession Number Koha item type
        KAUAET KAUAET General Stacks 30/03/2013 Aman Book Stall, Calicut 325.00 624.1821 BHA/DE 24124 Books
        KAUAET KAUAET General Stacks 16/06/2016 Aman Book Stall Calicut 325.00 624.1821 BHA/DE 24628 Books
free website counter